000 00225nam a2200085Ia 4500
008 120527s9999 xx 000 0 und d
100 _aMcCONNELL & BRUE
245 _aMacro economics principle, problems and policies
942 _cBK
999 _c26995
_d26995